000 00670nam a2200181Ia 4500
008 151202s9999||||xx |||||||||||||| ||und||
082 _bPNVM-66670
100 _aकुरूकर पंकज.
245 _aचिरंतन दु:खाचे स्त्रोत.
260 _b"नवचैतन्य प्रकाशन,बोरोवली."
260 _c2008
300 _a264
600 _aकुरूकर पंकज.
630 _aचिरंतन दु:खाचे स्त्रोत.
700 _aकुरूकर पंकज.
730 _aचिरंतन दु:खाचे स्त्रोत.
942 _cBOOK
999 _c1333202
_d1333199